Medizinische Fachrichtungen - Statistiken

Allgemein
  • Dieses Quiz wurde 551 mal gespielt
  • Das Durchschnittsergebnis liegt bei 13 aus 24
Antwortstatistiken
Untersuchungs- / Behandlungsobjekt Fachbereich % Korrekt
Frauen Gynäkologie
93%
Haut Dermatologie
89%
Nervensystem Neurologie
88%
Herz / Kreislauf Kardiologie
80%
Krebsgeschwüre Onkologie
79%
operative Behandlung Chirurgie
77%
Viren Virologie
74%
Kinder Pädiatrie
73%
Bildaufnahmen des Körpers Radiologie
73%
harnbildende und ableitende Organe Urologie
71%
Lungen Pneumologie
59%
psychische Störungen Psychiatrie
58%
Blut Hämatologie
56%
Bewegungsapparat Orthopädie
56%
ältere Menschen Geriatrie
54%
Nieren Nephrologie
48%
Hormone Endokrinologie
34%
Magen- / Darmbereich Gastroenterologie
34%
Herkunft / Entstehung von Erkrankungen Pathologie
29%
Gelenke Rheumatologie
27%
Augen Ophthalmologie
25%
Blutgefäße Angiologie
15%
Wechselwirkung zwischen Stoffen und Lebewesen Pharmakologie
11%
Hals, Nase, Ohren Oto-Rhino-Laryngologie
10%
Keine übereinstimmenden Quizze gefunden
Verteilung der Resultate
Anzahl Personen mit jedem Resultat
Perzentil nach korrekt beantworteten Fragen
Ihre Resultats-Entwicklung
Sie haben dieses Quiz noch nicht gespielt